Hutchison’s Clinical Methods. / (Record no. 3427)
[ view plain ]
| 000 -LEADER | |
|---|---|
| fixed length control field | 00625nac a22001811u 4500 |
| 008 - FIXED-LENGTH DATA ELEMENTS--GENERAL INFORMATION | |
| fixed length control field | 080803t xxu||||| |||| 00| 0 eng d |
| 010 ## - LIBRARY OF CONGRESS CONTROL NUMBER | |
| LC control number | 001778126 |
| 082 ## - DEWEY DECIMAL CLASSIFICATION NUMBER | |
| Edition number | 22 |
| Classification number | 616.075 |
| Item number | HUN |
| 245 ## - TITLE STATEMENT | |
| Title | Hutchison’s Clinical Methods. / |
| Statement of responsibility, etc | By Donald Hunter ., and R. R. Bomford ... |
| 250 ## - EDITION STATEMENT | |
| Edition statement | 14th ed. |
| 260 ## - PUBLICATION, DISTRIBUTION, ETC. (IMPRINT) | |
| Place of publication, distribution, etc | London : |
| Name of publisher, distributor, etc | Cassell ,1963. |
| Date of publication, distribution, etc | 1963. |
| 300 ## - PHYSICAL DESCRIPTION | |
| Extent | 454p.: |
| Other physical details | col ill.; |
| Dimensions | 26. |
| 500 ## - GENERAL NOTE | |
| General note | Donations. |
| 500 ## - GENERAL NOTE | |
| General note | Donations - Bibliotheca Alaxandrina. |
| 500 ## - GENERAL NOTE | |
| General note | Earlier editions are entered under Hutchison (Sir Robert) Bart., and Rainy (H.) M.D., of Edinburgh. |
| 651 ## - SUBJECT ADDED ENTRY--GEOGRAPHIC NAME | |
| Source of heading or term | BUEsh |
| 942 ## - ADDED ENTRY ELEMENTS (KOHA) | |
| Item type | Book - Borrowing |
| Call number prefix | 616.075HUN |
| Source of classification or shelving scheme | Dewey Decimal Classification |
| Withdrawn status | Item status | Source of classification or shelving scheme | Damaged status | Not for loan | Home library | Current library | Shelving location | Date acquired | Source of acquisition | Total Checkouts | Full call number | Barcode | Date last seen | Koha item type |
|---|---|---|---|---|---|---|---|---|---|---|---|---|---|---|
| Dewey Decimal Classification | Central Library | Central Library | First floor | 07/04/2011 | Purchase | 616.075 HUN | 000046604 | 15/07/2025 | Book - Borrowing |